Opposites Attract Quiz Stats

Quiz not verified by Sporcle

Also try: Spanish: Colors
Challenge
Share
Tweet
Score 0/20 Timer 01:30
0 Plays Today
% Correct
Hot
93.3%
Hard
88.3%
Weak
88.3%
Ugly
88.3%
Left
86.7%
Closed
86.7%
East
85%
North
85%
Inside
85%
Sit
85%
% Correct
Cloudy
85%
Smooth
83.3%
Tall
83.3%
Sick
81.7%
Up
80%
Smart
80%
Ice
78.3%
Boring
78.3%
Simple
76.7%
Light
73.3%

You're not logged in!

Compare scores with friends on all Sporcle quizzes.
Join for Free
OR
Log In

You Might Also Like...

Show Comments

Extras

Top Quizzes Today


Score Distribution

Your Account Isn't Verified!

In order to create a playlist on Sporcle, you need to verify the email address you used during registration. Go to your Sporcle Settings to finish the process.

Report this User

Report this user for behavior that violates our Community Guidelines.

Details: